Music Quiz

Random Music Quiz

Idol aegyo and cute gifs Quiz Stats

 Plays Quiz not verified by Sporcle

Score 0/18 Timer 15:00
0 Plays Today
% Correct
Woozi
100%
Jimin
75%
Chanyeol
75%
Amber
75%
V
75%
Sunny
75%
Jungkook
75%
Jeonghan
75%
Choa
75%
% Correct
GD
75%
Krystal
66.7%
Park Bom
66.7%
Tzuyu
66.7%
PO
66.7%
Taeil
66.7%
CL
66.7%
Hwasa
66.7%
Rap Mon
58.3%

You're not logged in!

Compare scores with friends on all Sporcle quizzes.
OR
Log In

Sporcle TV

Today on Sporcle TV


Watch our educational content, quiz creation guides, and fun videos on Sporcle TV.

Show Comments

Extras

Created Aug 18, 2016ReportNominate
Tags:idol

Top Quizzes Today


Score Distribution

Your Account Isn't Verified!

In order to create a playlist on Sporcle, you need to verify the email address you used during registration. Go to your Sporcle Settings to finish the process.

Report this User

Report this user for behavior that violates our Community Guidelines.

Details: